Roberts Who Changed the US Quiz Stats

 Plays Quiz Updated Jan 7, 2018

Challenge
Share
Tweet
Embed
Score 0/16 Timer 04:00
0 Plays Today
% Correct
Robert Kennedy
95%
Robert E. Lee
94.1%
Bob Dole
91.6%
Robert Redford
87.9%
Robert Frost
87.9%
Robert Zimmerman
73.8%
Robert Altman
71.4%
Bob Gibson
63%
% Correct
Bob Keeshan
56.3%
Robert A. Heinlein
51.3%
Robert La Follette Sr.
50.4%
Bob Hayes
49.1%
Bob Kerrey
47.1%
Bob Graham
44.2%
Bob Arum
41.3%
Bob Lutz
37%

You're not logged in!

Compare scores with friends on all Sporcle quizzes.
Join for Free
OR
Log In

You Might Also Like...

Show Comments

Extras

Top Quizzes Today


Score Distribution

Your Account Isn't Verified!

In order to create a playlist on Sporcle, you need to verify the email address you used during registration. Go to your Sporcle Settings to finish the process.

Report this User

Report this user for behavior that violates our Community Guidelines.

Details: